| 000 | 00851cam a2200241 i 4500 | ||
|---|---|---|---|
| 001 | 18094 | ||
| 003 | DO-SdUEMH | ||
| 005 | 20251015222632.0 | ||
| 007 | ta | ||
| 008 | 251015s2001 rdaa|||gr|||| 001 0|spa d | ||
| 040 |
_aDO-SdUEMH _bspa _erda |
||
| 041 | _aspa | ||
| 082 | _mRD | ||
| 245 | _aSistema Dominicano de Seguridad Social | ||
| 264 | 1 |
_aSanto Domingo, República Dominicana : _bCentenario, _c2001 |
|
| 264 | 4 | _c©2001 | |
| 300 |
_a168 páginas : _bilustraciones ; _c20 cm. |
||
| 336 |
_2rdacontent _atexto _btxt |
||
| 337 |
_2rdamedia _asin mediación _bn |
||
| 338 |
_2rdacarrier _avolumen _bnc |
||
| 505 | 2 | _aLibro I: Características del sistema dominicano de seguridad social -- Libro II: Seguro de vejez, discapacidad y sobrevivencia -- Libro III: Seguro familiar de salud -- Libro IV: Seguro de riesgos laborales. | |
| 942 |
_2ddc _cBK _n0 |
||
| 999 |
_c18094 _d18094 |
||